Personnalité de l'année selon le Time Magazine - Statistiques

Statistiques générales
  • Ce quiz a été pris 27 fois
  • Le résultat moyen est 39 sur 102
Statistiques - réponses
Date Nationalité Profession Réponse % Correct
2008 Américain Chef d'Etat Barack Obama
91%
2012 Américain Chef d'Etat Barack Obama
91%
1939 Soviétique Chef d'Etat Joseph Staline
91%
1942 Soviétique Chef d'Etat Joseph Staline
91%
2015 Allemande Femme politique Angela Merkel
86%
2016 Américain Chef d'Etat Donald Trump
86%
2023 Américaine Chanteuse Taylor Swift
86%
2007 Russe Chef d'Etat Vladimir Poutine
86%
1958 Français Chef d'Etat Charles de Gaulle
82%
1990 Américain Chef d'Etat George H. W. Bush
82%
2000 Américain Chef d'Etat George W. Bush
82%
2004 Américain Chef d'Etat George W. Bush
82%
2020 Américain Chef d'Etat Joe Biden
82%
1938 Allemand Chef d'Etat Adolf Hitler
77%
1992 Américain Homme politique Bill Clinton
77%
1998 Américain Chef d'Etat Bill Clinton
77%
2021 Sud-africain, canadien et américain Chef d'entreprise Elon Musk
77%
2022 Ukrainien Chef d'Etat Volodymyr Zelensky
77%
1940 Britannique Homme politique Winston Churchill
77%
1949 Britannique Homme politique Winston Churchill
77%
1932 Américain Chef d'Etat Franklin Delano Roosevelt
73%
1934 Américain Chef d'Etat Franklin Delano Roosevelt
73%
1941 Américain Chef d'Etat Franklin Delano Roosevelt
73%
2019 Suédoise Militante Greta Thunberg
73%
1994 Polonais Religieux Jean-Paul II
73%
1944 Américain Militaire Dwight Eisenhower
68%
1959 Américain Chef d'Etat Dwight Eisenhower
68%
1930 Indien Militant Mahatma Gandhi
68%
1945 Américain Chef d'Etat Harry S. Truman
64%
1948 Américain Chef d'Etat Harry S. Truman
64%
2020 Américaine Femme politique Kamala Harris
64%
1987 Soviétique Chef d'Etat Mikhaïl Gorbatchev
64%
1989 Soviétique Chef d'Etat Mikhaïl Gorbatchev
64%
2013 Argentin Religieux François
59%
1971 Américain Chef d'Etat Richard Nixon
59%
1972 Américain Chef d'Etat Richard Nixon
59%
1980 Américain Chef d'Etat Ronald Reagan
59%
1983 Américain Chef d'Etat Ronald Reagan
59%
1961 Américain Chef d'Etat John Fitzgerald Kennedy
55%
1976 Américain Chef d'Etat Jimmy Carter
45%
1981 Polonais Syndicaliste Lech Wałęsa
45%
2010 Américain Chef d'entreprise Mark Zuckerberg
45%
1979 Iranien Chef d'Etat Ayatollah Khomeini
41%
1933 Américain Haut fonctionnaire Hugh S. Johnson
41%
1999 Américain Chef d'entreprise Jeff Bezos
41%
1964 Américain Chef d'Etat Lyndon Johnson
41%
1967 Américain Chef d'Etat Lyndon Johnson
41%
1963 Américain Militant Martin Luther King Jr.
41%
1957 Soviétique Chef d'Etat Nikita Khrouchtchev
41%
1977 Egyptien Chef d'Etat Anouar el-Sadate
36%
1927 Américain Aviateur Charles Lindbergh
36%
1952 Britannique Chef d'Etat Elisabeth II
36%
1935 Ethiopien Chef d'Etat Haïlé Sélassié
36%
1953 Allemand Homme politique Konrad Adenauer
36%
1978 Chinois Chef d'Etat Deng Xiaoping
27%
1985 Chinois Chef d'Etat Deng Xiaoping
27%
1972 Américain Diplomate Henry Kissinger
27%
1983 Soviétique Chef d'Etat Iouri Andropov
27%
1937 Chinois Militaire Tchang Kaï-chek
27%
1962 Italien Religieux Jean XXIII
23%
2006 Non précisée Groupe de personnes "Vous"
23%
1996 Américain Scientifique David Ho
18%
1974 Saoudien Chef d'Etat Fayçal
14%
1966 Non précisée Groupe de personnes "Les jeunes"
14%
1931 Français Homme politique Pierre Laval
14%
1970 Allemand Homme politique Willy Brandt
14%
1969 Américaine Groupe de personnes "La classe moyenne américaine"
9%
1988 Non précisée Planète "La Terre en danger"
9%
1968 Américains Astronautes "Les astronautes d'Apollo 8" (Borman, Lovell et Anders)
9%
1950 Américains Groupe de personnes "Les soldats américains"
9%
2003 Américains Groupe de personnes "Les soldats américains"
9%
1982 Non précisée Invention "L'ordinateur"
9%
1951 Iranien Homme politique Mohammad Mossadegh
9%
2017 Non précisée Groupe de personnes (réponse en anglais) "Silence Breakers"
9%
1936 Américaine Aristocrate Wallis Simpson
9%
1928 Américain Industriel Walter Chrysler
9%
2009 Américain Economiste Ben Bernanke
5%
1986 Philippine Chef d'Etat Corazon Aquino
5%
1943 Américain Militaire George Marshall
5%
1947 Américain Militaire George Marshall
5%
1956 Hongrois Groupe de personnes "Les révoltés hongrois"
5%
1960 Américains Groupe de personnes "Les scientifiques américains"
5%
2002 Américains Groupe de personnes (réponse en anglais) "Les whistleblowers"
5%
2001 Américain Homme politique Rudy Giuliani
5%
1937 Chinoise Première dame Song Meiling
5%
1991 Américain Homme d'affaire Ted Turner
5%
1965 Américain Militaire William Westmoreland
5%
1997 Américain Chef d'entreprise Andrew Grove
0%
1955 Américain Industriel Harlow Curtice
0%
1946 Américain Homme politique James F. Byrnes
0%
1954 Américain Homme politique John Foster Dulles
0%
1973 Américain Juge John Sirica
0%
1998 Américain Magistrat Kenneth Starr
0%
1975 Américaines Groupe de personnes "Les Americaines"
0%
2005 Irlandais et Américains Groupe de personnes "Les Bons Samaritains"
0%
2014 Non précisée Groupe de personnes "Les combattants d'Ebola"
0%
1993 Sud-africaine, palestinienne et israëlienne Militants "Les Faiseurs de paix"
0%
2011 Non précisée Groupe de personnes "Les Protestataires"
0%
1995 Américain Homme politique Newt Gingrich
0%
1929 Américain Diplomate Owen D. Young
0%
1984 Américain Organisateur d'événements Peter Ueberroth
0%
2018 Non précisée Groupe de personnes (réponse en anglais) "The Guardians and the War on Truth"
0%
Aucun quiz correspondant
Distribution des résultats
% des personnes avec chaque résultat
Percentile par nombre de réponses
Votre historique - résultats
Vous n’avez pas pris ce quiz